Statistics for Biggest 'C' Cities by Country

Click here to take the quiz!

General Stats

  • This quiz has been taken 212 times
    (145 since last reset)
  • The average score is 13 of 20

Answer Stats

PopulationCountryCity% Correct
10,230,350EgyptCairo
98%
1,167,569DenmarkCopenhagen
96%
3,356,337MoroccoCasablanca
94%
3,000,000VenezuelaCaracas
93%
198,582IrelandCork
87%
685 246Sri LankaColombo
86%
1,096,833CanadaCalgary
80%
2,369,821ColombiaCali
80%
375,200New ZealandChristchurch
74%
8,425,970IndiaChennai
73%
1,372,000ArgentinaCórdoba
68%
2,592,439BangladeshChittagong
63%
11,871,200ChinaChongqing
59%
324,576RomaniaCluj-Napoca
55%
1,864,416BrazilCuritiba
55%
202,730BelgiumCharleroi
41%
102,455PortugalCoimbra
31%
943,112AlgeriaConstantine
28%
666,381ChileConcepción
24%
260,681FranceClermont-Ferrand
23%

Score Distribution

Percentile by Number Answered

Percent of People with Each Score

Your Score History

You have not taken this quiz since the last reset